<?xml version="1.0" encoding="UTF-8"?>
<collection xmlns="http://www.loc.gov/MARC21/slim">
 <record>
  <leader>01994nam a2200181 a 4500</leader>
  <controlfield tag="001">1/31585</controlfield>
  <controlfield tag="008">      s2002    lu     f      00010 gre d</controlfield>
  <datafield tag="022" ind1="0" ind2=" ">
   <subfield code="a">1027-250X</subfield>
  </datafield>
  <datafield tag="028" ind1="3" ind2="1">
   <subfield code="a">GF-HA-O2-008-GR-C</subfield>
  </datafield>
  <datafield tag="035" ind1=" " ind2=" ">
   <subfield code="l">33906</subfield>
  </datafield>
  <datafield tag="040" ind1=" " ind2=" ">
   <subfield code="a">GR-PeUP</subfield>
  </datafield>
  <datafield tag="084" ind1=" " ind2=" ">
   <subfield code="2">KET</subfield>
   <subfield code="a">CdR 140/02</subfield>
  </datafield>
  <datafield tag="110" ind1="2" ind2=" ">
   <subfield code="a">Επιτροπή των Περιφερειών της Ευρωπαϊκής Ένωσης.</subfield>
  </datafield>
  <datafield tag="245" ind1="1" ind2="0">
   <subfield code="a">Γνωμοδότηση για την &quot;ανακοίνωση της Επιτροπής για τα επακόλουθα μέτρα παρακολούθησης του προγράμματος δράσης για την προώθηση της ασφαλέστερης χρήσης του Διαδικτύου (Ιντερνετ) μέσω της καταπολέμησης του παρανόμου και βλαβερού περιεχομένου στα παγκόσμια δίκτυα&quot; και την &quot;Πρόταση απόφασης του Ευρωπαϊκού Κοινοβουλίου και του Συμβουλίου περί τροποποιήσεως της απόφασης αριθ. 276/1999/Εφ με την οποία είχε εγκριθεί το πολυετές κοινοτικό πρόγραμμα δράσης για την προώθηση της ασφαλέστερες χρήσης του Διαδικτύου (Ιντερνετ) μέσω της καταπολέμησης του παρανόμου και βλαβερού περιεχομένου στα παγκόσμια δίκτυα&quot; COM(2002) 152 τελικό /</subfield>
   <subfield code="c">Επιτροπή των Περιφερειών</subfield>
  </datafield>
  <datafield tag="260" ind1="0" ind2=" ">
   <subfield code="a">Βρυξέλλες, Λουξεμβούργο:</subfield>
   <subfield code="b">Υπηρεσία Επισήμων Εκδόσεων των Ευρωπαϊκών Κοινοτήτων,</subfield>
   <subfield code="c">16.11.2002</subfield>
  </datafield>
  <datafield tag="300" ind1=" " ind2=" ">
   <subfield code="a">7 σ. :</subfield>
   <subfield code="c">30 εκ.</subfield>
  </datafield>
  <datafield tag="500" ind1=" " ind2=" ">
   <subfield code="a">CdR 140/02 fin</subfield>
  </datafield>
  <datafield tag="852" ind1=" " ind2=" ">
   <subfield code="a">INST</subfield>
   <subfield code="b">UNIPILB</subfield>
   <subfield code="c">KET</subfield>
   <subfield code="e">20061122</subfield>
   <subfield code="h">140/02</subfield>
   <subfield code="p">00140/02</subfield>
   <subfield code="q">00140/02</subfield>
   <subfield code="t">NOLOAN</subfield>
   <subfield code="y">23</subfield>
   <subfield code="4">1</subfield>
  </datafield>
 </record>
</collection>
